Futurita na menu
Futurita patrí medzi deriváty aktívneho (verejného) trhu, kde hlavným organizátorom transakcií je špecializovaná burza, ktorá okrem stanovenia základných podmienok fungovania týchto finančných nástrojov realizuje aj prijímanie príkazov, párovanie a vysporiadanie obchodov, vedenie účtov klíringového...
Enregistré dans:
| Auteur principal: | |
|---|---|
| Format: | Chapitre de livre |
| Langue: | slovaque |
| Sujets: | |
| Tags: |
Pas de tags, Soyez le premier à ajouter un tag!
|
MARC
| LEADER | 00000naa a2200000 4500 | ||
|---|---|---|---|
| 001 | 0168760 | ||
| 005 | 20240502072933.4 | ||
| 041 | 0 | |a slo | |
| 044 | |a SK | ||
| 245 | 1 | 0 | |a Futurita na menu |c Peter Markovič |
| 520 | |a Futurita patrí medzi deriváty aktívneho (verejného) trhu, kde hlavným organizátorom transakcií je špecializovaná burza, ktorá okrem stanovenia základných podmienok fungovania týchto finančných nástrojov realizuje aj prijímanie príkazov, párovanie a vysporiadanie obchodov, vedenie účtov klíringového centra a informačné služby pre členov burzy, maklérov a širokú odbornú verejnosť. | ||
| 610 | 2 | 0 | |a deriváty |
| 610 | 2 | 0 | |a futurity |
| 610 | 2 | 0 | |a trh finančný |
| 610 | 2 | 0 | |a trh burzový |
| 610 | 2 | 0 | |a mena |
| 100 | 1 | |a Markovič, Peter, 1974- | |